[Event "Superettan(Schack 08-Rockaden,Sthlm II)"]
[Site "?"]
[Date "2023.10.15"]
[Round "3"]
[White "Nikolic, Vladan"]
[Black "Bjorkeroth, Johan"]
[Result "1-0"]
[WhiteElo "2210"]
[BlackElo "2145"]
[PlyCount "109"]
[SourceVersionDate "2023.11.04"]

1. Nf3 Nf6 2. c4 e6 3. g3 d5 4. Bg2 d4 5. e3 c5 6. exd4 cxd4 7. d3 Nc6 8. O-O
Bd6 9. Bg5 h6 10. Bxf6 Qxf6 11. Nbd2 Qe7 12. a3 a5 13. Re1 O-O 14. Nb3 Rd8 15.
Rc1 a4 16. c5 Bxg3 17. hxg3 axb3 18. Qxb3 e5 19. Qc2 Bg4 20. Nxe5 Nxe5 21. f4
f6 22. fxe5 fxe5 23. Qb3+ Kh8 24. Qxb7 Qg5 25. Qc7 Be2 26. Rc2 Rac8 27. Qxd8+
Qxd8 28. Rexe2 Qg5 29. Kh2 Qh5+ 30. Kg1 Qg4 31. Be4 Qxg3+ 32. Kf1 Rf8+ 33. Rf2
Qh3+ 34. Ke1 Qe3+ 35. Kf1 Qh3+ 36. Ke1 Qe3+ 37. Kf1 Rxf2+ 38. Rxf2 Qc1+ 39. Kg2
Qxc5 40. b4 Qc8 41. b5 g5 42. b6 Qg4+ 43. Kh2 Qh4+ 44. Kg2 Qg4+ 45. Kh2 Qh4+
46. Kg1 Qg3+ 47. Kf1 Qh3+ 48. Rg2 Qc8 49. b7 Qc7 50. Rc2 Qxc2 51. b8=Q+ Kg7 52.
Qxe5+ Kf7 53. Bd5+ Kg6 54. Qe4+ Kg7 55. Qe7+ 1-0

[Event "Superettan(Kristallen-Helsingborg)"]
[Site "?"]
[Date "2023.10.15"]
[Round "3"]
[White "Nilsson, Anders"]
[Black "van Hengel, Hugo"]
[Result "1/2-1/2"]
[WhiteElo "2210"]
[BlackElo "2222"]
[PlyCount "43"]
[SourceVersionDate "2023.11.04"]

1. d4 d5 2. c4 e6 3. Nc3 c6 4. Nf3 dxc4 5. a4 Bb4 6. e3 b5 7. Bd2 a5 8. Ne5 Qc7
9. Qg4 g6 10. Be2 f6 11. Nf3 Ne7 12. e4 Ra7 13. Bf4 Qb7 14. Qg3 Nd7 15. h4 Nb6
16. h5 g5 17. Bd2 Qd7 18. e5 Nf5 19. Qg4 Nh6 20. Qg3 Nf5 21. Qg4 Nh6 22. Qg3
1/2-1/2

[Event "Superettan(SS 4 Springare-Burgsvik)"]
[Site "?"]
[Date "2023.10.15"]
[Round "3"]
[White "Tuvesson, Mats"]
[Black "Jakenberg, Jussi"]
[Result "1/2-1/2"]
[WhiteElo "2009"]
[BlackElo "2042"]
[PlyCount "32"]
[SourceVersionDate "2023.11.04"]

1. d4 d5 2. c4 e6 3. Nf3 a6 4. e3 Nf6 5. Bd3 dxc4 6. Bxc4 b5 7. Be2 Bb7 8. O-O
Nbd7 9. a4 b4 10. a5 Be7 11. Nbd2 O-O 12. Nc4 c5 13. Qb3 Rb8 14. Rd1 Qc7 15.
Nfe5 Rfd8 16. Bd2 Bd5 1/2-1/2

[Event "Superettan(Schack 08-Rockaden,Sthlm II)"]
[Site "?"]
[Date "2023.10.15"]
[Round "3"]
[White "Faldt, Magnus"]
[Black "Jonsson, Filip"]
[Result "0-1"]
[WhiteElo "2156"]
[BlackElo "2035"]
[PlyCount "70"]
[SourceVersionDate "2023.11.04"]

1. d4 d5 2. c4 e6 3. Nc3 Be7 4. Nf3 Nf6 5. Bg5 h6 6. Bh4 O-O 7. e3 Nbd7 8. Bd3
c5 9. O-O dxc4 10. Bxc4 Nb6 11. Bb3 cxd4 12. exd4 Nfd5 13. Bg3 Bf6 14. Ne4 Bd7
15. Re1 Bc6 16. h4 Nc8 17. h5 Nce7 18. Bd6 Re8 19. g4 Nc8 20. Bg3 Nb4 21. a3
Bxe4 22. Rxe4 Nc6 23. Qd3 Nd6 24. Re2 a6 25. Rae1 Nxd4 26. Nxd4 Nb5 27. Re4
Nxd4 28. Ba2 Qb6 29. Rf4 Rad8 30. Qe4 Bg5 31. Rxf7 Kxf7 32. Qg6+ Kg8 33. Rxe6
Rxe6 34. Be5 Nf3+ 35. Kh1 Rd1+ 0-1

[Event "Superettan(Kristallen-Helsingborg)"]
[Site "?"]
[Date "2023.10.15"]
[Round "3"]
[White "Naslund, Mikael"]
[Black "Nilsson Hask, Patrik"]
[Result "1-0"]
[WhiteElo "2149"]
[BlackElo "2157"]
[PlyCount "71"]
[SourceVersionDate "2023.11.04"]

1. d4 f5 2. g3 Nf6 3. Bg2 g6 4. Nf3 Bg7 5. O-O O-O 6. Bf4 d6 7. Nc3 Qe8 8. Qd3
h6 9. e4 fxe4 10. Nxe4 Nxe4 11. Qxe4 g5 12. Bd2 Nc6 13. c3 Bf5 14. Qe2 Qf7 15.
Rfe1 Rae8 16. d5 Ne5 17. Nxe5 Bxe5 18. Be3 a6 19. a4 Qg6 20. Qc4 Rc8 21. Rad1
Kh8 22. Bd4 Bf6 23. Rxe7 Bxd4 24. Qxd4+ Qf6 25. Qxf6+ Rxf6 26. Rde1 a5 27. Be4
Bg4 28. Bc2 Bf3 29. c4 Kg8 30. R1e6 Rf7 31. Rxf7 Kxf7 32. Rxh6 c6 33. Bf5 Rd8
34. Rh7+ Kf6 35. Be6 Rb8 36. Rf7+ 1-0

[Event "Superettan(SS 4 Springare-Burgsvik)"]
[Site "?"]
[Date "2023.10.15"]
[Round "3"]
[White "Gajic, Mladen"]
[Black "Hakansson, Rustan"]
[Result "1-0"]
[WhiteElo "2280"]
[BlackElo "1911"]
[PlyCount "77"]
[SourceVersionDate "2023.11.04"]

1. e4 c5 2. c3 e6 3. d4 d5 4. exd5 exd5 5. Nf3 Nf6 6. Bb5+ Nc6 7. O-O Qb6 8.
Qe2+ Be6 9. dxc5 Bxc5 10. b4 Be7 11. Nd4 Bg4 12. Qe1 Bd7 13. Bxc6 bxc6 14. Bg5
Kf8 15. Nd2 Re8 16. Qb1 h6 17. Be3 Qc7 18. N4f3 Bg4 19. Qd3 Bd6 20. h3 Bh5 21.
Qa6 Re7 22. Nd4 Be5 23. Qxc6 Bxd4 24. Qxc7 Rxc7 25. Bxd4 Nd7 26. Rfe1 f6 27.
Re6 Nb8 28. Rd6 Rd7 29. Rxd7 Nxd7 30. Bxa7 Ke7 31. Bd4 Rc8 32. a4 Kd6 33. a5
Be2 34. a6 Bb5 35. a7 Bc6 36. Nb3 Kc7 37. Be3 Ra8 38. Nd4 Kb7 39. b5 1-0

[Event "Superettan(Schack 08-Rockaden,Sthlm II)"]
[Site "?"]
[Date "2023.10.15"]
[Round "3"]
[White "Zadruzny, Nicolaj"]
[Black "Ottenklev, Niclas"]
[Result "1-0"]
[WhiteElo "2189"]
[BlackElo "2143"]
[PlyCount "61"]
[SourceVersionDate "2023.11.04"]

1. e4 e6 2. d4 d5 3. Nd2 Nc6 4. Ngf3 Nf6 5. e5 Nd7 6. Nb3 a5 7. a4 b6 8. c3 Be7
9. h4 Ncb8 10. Ng5 h6 11. Nxe6 fxe6 12. Qh5+ Kf8 13. Rh3 Qe8 14. Rf3+ Nf6 15.
Qg4 Qf7 16. Qg3 Ba6 17. exf6 Bxf6 18. Bf4 Bxf1 19. Kxf1 Na6 20. Re1 Kg8 21. Qg4
Re8 22. Rfe3 Kh7 23. Bg3 Qg6 24. Qe2 Nb8 25. Rxe6 Rxe6 26. Qxe6 Rd8 27. Bxc7
Rf8 28. Bxb8 Qc2 29. Qxd5 Rxb8 30. Qe4+ Qxe4 31. Rxe4 1-0

[Event "Superettan(Kristallen-Helsingborg)"]
[Site "?"]
[Date "2023.10.15"]
[Round "3"]
[White "Rothman, Peter"]
[Black "Persson, Andreas"]
[Result "1-0"]
[WhiteElo "2113"]
[BlackElo "2108"]
[PlyCount "99"]
[SourceVersionDate "2023.11.04"]

1. d4 d5 2. c4 e6 3. Nc3 Nf6 4. Nf3 a6 5. e3 Nbd7 6. a3 Be7 7. b3 b6 8. Bd3 Bb7
9. O-O Ne4 10. Bb2 O-O 11. Qc2 f5 12. Ne2 Bd6 13. Ne5 Nxe5 14. dxe5 Be7 15. Nf4
Nc5 16. Be2 Bg5 17. b4 Bxf4 18. exf4 Nd7 19. Bf3 c6 20. Rad1 Qe7 21. cxd5 cxd5
22. Qc7 Rab8 23. Rc1 Rfc8 24. Qd6 Qxd6 25. exd6 Rxc1 26. Rxc1 Rc8 27. Rc7 Rxc7
28. dxc7 Kf7 29. h4 g6 30. h5 Ke7 31. Kh2 Kd6 32. Kg3 Kxc7 33. Kh4 gxh5 34.
Kxh5 b5 35. g4 fxg4 36. Bxg4 Kd6 37. Bd4 e5 38. Bxd7 exd4 39. Bf5 Ke7 40. Bxh7
Kf6 41. Kg4 Bc8+ 42. Kf3 Bh3 43. Bg8 Kf5 44. Bh7+ Kf6 45. Ke2 Bg4+ 46. Kd2 Kg7
47. Bc2 Bh3 48. Bb3 Bf1 49. Bxd5 Kf6 50. Bb7 1-0

[Event "Superettan(Schack 08-Rockaden,Sthlm II)"]
[Site "?"]
[Date "2023.10.15"]
[Round "3"]
[White "Wikstrom, Per"]
[Black "Svorono, Gabriel"]
[Result "0-1"]
[WhiteElo "2150"]
[BlackElo "2056"]
[PlyCount "118"]
[SourceVersionDate "2023.11.04"]

1. d4 Nf6 2. Nf3 d5 3. e3 c5 4. c3 cxd4 5. exd4 Nc6 6. Bd3 Bg4 7. O-O e6 8. Bf4
Bd6 9. Bxd6 Qxd6 10. Nbd2 O-O 11. Qb3 Rab8 12. a4 Qc7 13. Rfe1 Bxf3 14. Nxf3 a6
15. h3 Rfc8 16. Ne5 Nxe5 17. Rxe5 b5 18. axb5 axb5 19. Qb4 Ne8 20. Ra6 Qb7 21.
Ra5 Nc7 22. Re1 Ra8 23. Rea1 Rxa5 24. Rxa5 Ra8 25. Qe7 Rb8 26. b4 g6 27. Qd7
Qc8 28. Qc6 Qb7 29. Qc5 Qb6 30. Ra7 Qxc5 31. dxc5 Ne8 32. c6 Kg7 33. Rb7 Rc8
34. Rb6 Nd6 35. Kf1 Kf6 36. Ke2 e5 37. c7 Ke7 38. Bxb5 Rxc7 39. Kd3 Ne4 40. Bc6
Nxf2+ 41. Ke3 Ne4 42. Kd3 f5 43. b5 Nc5+ 44. Ke3 Nd7 45. Bxd7 Kxd7 46. Kd3 Rc5
47. Rb7+ Kd6 48. Rxh7 e4+ 49. Kd2 Rxb5 50. Kc2 Ke5 51. Rg7 Rb6 52. g3 d4 53.
Re7+ Kf6 54. Rd7 d3+ 55. Kc1 Rb3 56. Kd2 Rb2+ 57. Kd1 Rc2 58. Rd6+ Ke5 59. Rd8
Rxc3 0-1

[Event "Superettan(Kristallen-Helsingborg)"]
[Site "?"]
[Date "2023.10.15"]
[Round "3"]
[White "Dingertz, Erik"]
[Black "Rosell, Tomas"]
[Result "1-0"]
[WhiteElo "2140"]
[BlackElo "2155"]
[PlyCount "65"]
[SourceVersionDate "2023.11.04"]

1. d4 f5 2. Bg5 c6 3. Nd2 Qb6 4. e3 Qxb2 5. Bd3 d5 6. Ne2 h6 7. Bh4 g5 8. Bg3
Nf6 9. O-O Qb6 10. c4 e6 11. cxd5 cxd5 12. Rb1 Qd8 13. Nc3 Be7 14. Nb5 Na6 15.
Nf3 O-O 16. Ne5 Kg7 17. Qe2 Nb4 18. Rfc1 Nxd3 19. Nxd3 Ne4 20. Be5+ Kh7 21. Nc7
Rb8 22. Nxd5 Bd6 23. Nc3 Bxe5 24. Nxe5 Nd6 25. Nb5 Ne8 26. Qh5 Rf6 27. Nf7 Qe7
28. Nxg5+ Kg7 29. Nf3 Rg6 30. Ne5 Rg5 31. Qf3 Kh7 32. Nxa7 Bd7 33. Rxb7 1-0

[Event "Superettan(Skara-Farsta)"]
[Site "?"]
[Date "2023.10.15"]
[Round "3"]
[White "Livner, Anders"]
[Black "Djurhuus, Rune"]
[Result "0-1"]
[WhiteElo "2304"]
[BlackElo "2390"]
[PlyCount "78"]
[SourceVersionDate "2023.11.04"]

1. Nf3 c5 2. c4 g6 3. e3 Bg7 4. d4 Nf6 5. Nc3 O-O 6. h3 cxd4 7. exd4 d5 8. cxd5
Nxd5 9. Bc4 Nxc3 10. bxc3 Qc7 11. Qb3 Nc6 12. Be2 e5 13. dxe5 Be6 14. Qa3 Nxe5
15. O-O Nc4 16. Qb4 a5 17. Qa4 b5 18. Qxb5 Bxc3 19. Bh6 Rfb8 20. Qg5 f6 21. Qh4
Bxa1 22. Rxa1 Qf7 23. Nd4 Bd5 24. Rd1 Re8 25. Qg3 Kh8 26. Nf5 Rxe2 27. Bg7+ Kg8
28. Nh6+ Kxg7 29. Nxf7 Bxf7 30. a4 Rae8 31. Qc3 R8e7 32. Rd8 Ra2 33. Rb8 Ree2
34. Rc8 Rac2 35. Qd4 Rxf2 36. Qc5 Rxg2+ 37. Kh1 Rh2+ 38. Kg1 Rcg2+ 39. Kf1 Nd2+
0-1

[Event "Superettan(Lulea-Upsala)"]
[Site "?"]
[Date "2023.10.15"]
[Round "3"]
[White "Wagner, Stephan"]
[Black "Varga, Zoltan"]
[Result "1/2-1/2"]
[WhiteElo "2276"]
[BlackElo "2368"]
[PlyCount "107"]
[SourceVersionDate "2023.11.04"]

1. c4 Nf6 2. g3 c6 3. Bg2 d5 4. Nf3 Bg4 5. Qb3 Qb6 6. d3 e6 7. Be3 Qa6 8. h3
Bh5 9. g4 Bg6 10. Ne5 Nbd7 11. Nxg6 hxg6 12. Nd2 Bd6 13. Nf3 Qa5+ 14. Bd2 Qb6
15. Be3 dxc4 16. dxc4 Bc5 17. Qxb6 axb6 18. Bxc5 Nxc5 19. Nd2 Ke7 20. Kd1 e5
21. Kc2 Nh7 22. a3 Ng5 23. Nf3 Nxf3 24. Bxf3 Rad8 25. b4 Ne6 26. e3 Rh4 27. a4
Ng5 28. Bg2 f5 29. a5 fxg4 30. hxg4 Rxg4 31. Bf1 b5 32. a6 bxc4 33. axb7 Rb8
34. Ra7 Kd6 35. Be2 Rg2 36. Bxc4 Rxf2+ 37. Kb3 Nf3 38. Ba6 Rh2 39. Ra8 Kc7 40.
Rc1 Rxb7 41. Bxb7 Kxb7 42. Rf8 Nd2+ 43. Kc3 Ne4+ 44. Kd3 Nd6 45. Rg1 e4+ 46.
Kd4 Rh5 47. Rxg6 Rd5+ 48. Kc3 Rd3+ 49. Kc2 Nc4 50. Rxg7+ Ka6 51. Ra8+ Kb6 52.
Rb8+ Ka6 53. Ra8+ Kb6 54. Rb8+ 1/2-1/2

[Event "Superettan(SS 4 Springare-Burgsvik)"]
[Site "?"]
[Date "2023.10.15"]
[Round "3"]
[White "Schandorff, Lars"]
[Black "Sivuk, Vitaly"]
[Result "0-1"]
[WhiteElo "2471"]
[BlackElo "2461"]
[PlyCount "66"]
[EventDate "2023.??.??"]
[SourceVersionDate "2023.11.04"]

1. Nf3 d5 2. g3 Bg4 3. Bg2 Nd7 4. O-O c6 5. h3 Bxf3 6. exf3 g6 7. Re1 Bg7 8. d3
e6 9. f4 Ne7 10. Nd2 O-O 11. Nf3 a5 12. c3 a4 13. Ne5 c5 14. d4 Nc6 15. Be3
Ndxe5 16. fxe5 a3 17. b3 cxd4 18. cxd4 Qb6 19. Rc1 Rfc8 20. Qd2 Bf8 21. Red1
Rc7 22. f4 Rac8 23. Kh2 Nb4 24. Rc5 Bxc5 25. dxc5 Rxc5 26. f5 exf5 27. Rc1 Qa5
28. Rxc5 Rxc5 29. Qd4 Rc6 30. e6 Rxe6 31. Bh6 f6 32. Bd2 Nc6 33. Qd3 Qc5 0-1

[Event "Superettan(Skara-Farsta)"]
[Site "?"]
[Date "2023.10.15"]
[Round "3"]
[White "Ronneland, Daniel"]
[Black "Ong, Kezli"]
[Result "0-1"]
[WhiteElo "2217"]
[BlackElo "2278"]
[PlyCount "76"]
[SourceVersionDate "2023.11.04"]

1. e4 e5 2. Nf3 Nc6 3. Bb5 a6 4. Ba4 Nf6 5. O-O Be7 6. Re1 b5 7. Bb3 O-O 8. a4
b4 9. d4 d6 10. dxe5 dxe5 11. Qe2 Bg4 12. c3 Qc8 13. a5 h6 14. Nbd2 Bc5 15. Qc4
Bd6 16. Qxc6 Bd7 17. Bxf7+ Rxf7 18. Qc4 Nh5 19. Nf1 Be6 20. Qd3 Bg4 21. Nh4 Bc5
22. Be3 Nf4 23. Qc4 Be7 24. Bxf4 Be6 25. Qd3 exf4 26. Nf5 Bc5 27. Nd2 Bxf5 28.
exf5 Qxf5 29. Qxf5 Rxf5 30. Re6 Rd5 31. Nc4 bxc3 32. bxc3 Rad8 33. Rae1 Rd3 34.
Rc6 R8d5 35. Rxa6 Rxc3 36. Nb2 Rc2 37. Ra8+ Kh7 38. Nd1 Rc1 0-1

[Event "Superettan(Lulea-Upsala)"]
[Site "?"]
[Date "2023.10.15"]
[Round "3"]
[White "Wulkan, Martin"]
[Black "Johansson, Jan"]
[Result "1/2-1/2"]
[WhiteElo "2244"]
[BlackElo "2278"]
[PlyCount "118"]
[SourceVersionDate "2023.11.04"]

1. d4 g6 2. Nf3 Bg7 3. c4 d6 4. Nc3 Nc6 5. d5 Ne5 6. Nxe5 Bxe5 7. e4 e6 8. Bd2
Nf6 9. Qc2 O-O 10. Be2 exd5 11. cxd5 c6 12. dxc6 bxc6 13. h3 d5 14. exd5 cxd5
15. O-O Re8 16. Bg5 d4 17. Ne4 Bb7 18. Bf3 Rc8 19. Qd3 Bxe4 20. Bxe4 Qb6 21.
Bxf6 Bxf6 22. Rab1 Qe6 23. Rfe1 Qxa2 24. Re2 Qa5 25. Rbe1 Kg7 26. g3 Rb8 27.
Rc1 Rec8 28. Rxc8 Rxc8 29. Rc2 Rb8 30. Kg2 Qe5 31. Re2 Qd6 32. Rc2 Rb6 33. Bf3
a5 34. b3 Qe6 35. Rc4 Qe5 36. h4 h5 37. Rc6 Qb5 38. Qxb5 Rxb5 39. Bd1 Be7 40.
Bc2 Ba3 41. Rc7 Bd6 42. Rc6 Be5 43. Kf1 d3 44. Bxd3 Rxb3 45. Bc2 Rb2 46. Rc4
Bb8 47. Ba4 Ba7 48. Rc2 Rb4 49. Ra2 Bb6 50. Kg2 Rd4 51. Rb2 Bd8 52. Ra2 Be7 53.
Bb5 Bb4 54. f3 Kf6 55. Kh3 Rd5 56. Bc6 Rc5 57. Ba4 Ke5 58. Re2+ Kd6 59. g4
hxg4+ 1/2-1/2

[Event "Superettan(Skara-Farsta)"]
[Site "?"]
[Date "2023.10.15"]
[Round "3"]
[White "Hjelm, Niclas"]
[Black "Nygren, Kim"]
[Result "1/2-1/2"]
[WhiteElo "2291"]
[BlackElo "2171"]
[PlyCount "70"]
[SourceVersionDate "2023.11.04"]

1. d4 Nf6 2. c4 c5 3. d5 a6 4. Nf3 b5 5. Qc2 g6 6. e4 d6 7. cxb5 Bg7 8. Nc3 O-O
9. Be2 e6 10. dxe6 Bxe6 11. O-O axb5 12. Bxb5 Na6 13. Bf4 d5 14. exd5 Nb4 15.
Qc1 Nfxd5 16. Nxd5 Qxd5 17. a4 c4 18. Bh6 Nd3 19. Qe3 Bxb2 20. Bxf8 Bxa1 21.
Rxa1 Qxb5 22. Qd4 Qb2 23. Bg7 Qxf2+ 24. Qxf2 Nxf2 25. Bd4 Ne4 26. a5 c3 27. a6
c2 28. a7 Ba2 29. Be3 Nc3 30. Nd4 Rxa7 31. Nxc2 Rb7 32. Bd2 Rb2 33. Bxc3 Rxc2
34. Bf6 h6 35. h4 Be6 1/2-1/2

[Event "Superettan(Lulea-Upsala)"]
[Site "?"]
[Date "2023.10.15"]
[Round "3"]
[White "Bernhard, Jonathan"]
[Black "Marklund, Niklas"]
[Result "1/2-1/2"]
[WhiteElo "2058"]
[BlackElo "2168"]
[PlyCount "128"]
[SourceVersionDate "2023.11.04"]

1. e4 c5 2. Nf3 d6 3. d4 cxd4 4. Nxd4 Nf6 5. Nc3 a6 6. h3 e5 7. Nb3 Be6 8. g4
d5 9. g5 Nxe4 10. Nxe4 dxe4 11. Qxd8+ Kxd8 12. Bg2 Bf5 13. Be3 Nd7 14. O-O-O
Kc7 15. Rhe1 Be6 16. Rd2 f5 17. gxf6 gxf6 18. Bxe4 Bxh3 19. Rh1 Be6 20. Rxh7
Rxh7 21. Bxh7 Bd6 22. Be4 Rg8 23. f3 Rh8 24. c3 f5 25. Bxb7 Rh1+ 26. Kc2 f4 27.
Bf2 Bf5+ 28. Be4 Bxe4+ 29. fxe4 Nf6 30. Bc5 Nxe4 31. Bxd6+ Nxd6 32. Nc5 Kc6 33.
Nxa6 Ne4 34. Nb4+ Kb7 35. Rd7+ Kc8 36. Rf7 Ng5 37. Rf8+ Kd7 38. Nd3 Rh2+ 39.
Kb3 Nf3 40. a4 Ke7 41. Rb8 Nd2+ 42. Kb4 f3 43. a5 e4 44. a6 Rh1 45. Ne5 f2 46.
a7 Ra1 47. Nc6+ Kd6 48. Na5 Rxa5 49. Kxa5 f1=Q 50. a8=Q Qa1+ 51. Kb6 Qxb2+ 52.
Ka7 Qa3+ 53. Kb7 Qb3+ 54. Ka7 Qa4+ 55. Kb7 Qb5+ 56. Ka7 Qa5+ 57. Kb7 Qc7+ 58.
Ka6 Qc4+ 59. Rb5 Qa4+ 60. Ra5 Qc4+ 61. Ka7 Qc7+ 62. Ka6 Qc4+ 63. Ka7 Qc7+ 64.
Ka6 Qc4+ 1/2-1/2

[Event "Superettan(Skara-Farsta)"]
[Site "?"]
[Date "2023.10.15"]
[Round "3"]
[White "Jacobson, Erik"]
[Black "Stavenberg, Karl"]
[Result "1-0"]
[WhiteElo "2179"]
[BlackElo "2130"]
[PlyCount "31"]
[EventDate "2023.??.??"]
[SourceVersionDate "2023.11.04"]

1. e4 e5 2. Nf3 Nf6 3. Nc3 Nc6 4. Bb5 Bc5 5. d3 O-O 6. Bg5 h6 7. Bh4 g5 8. Bg3
d6 9. Qd2 Be6 10. h4 g4 11. Bxc6 bxc6 12. Qxh6 gxf3 13. gxf3 Nd7 14. Rg1 f6 15.
Qg6+ Kh8 16. Qh5+ 1-0

[Event "Superettan(Lulea-Upsala)"]
[Site "?"]
[Date "2023.10.15"]
[Round "3"]
[White "Ernst, Thomas"]
[Black "Fallman, Micael"]
[Result "1-0"]
[WhiteElo "2314"]
[BlackElo "1961"]
[PlyCount "75"]
[SourceVersionDate "2023.11.04"]

1. e4 e5 2. Nf3 Nc6 3. Bb5 a6 4. Ba4 Nf6 5. O-O Be7 6. Re1 b5 7. Bb3 d6 8. c3
O-O 9. h3 Bb7 10. d4 Re8 11. Nbd2 Bf8 12. a4 h6 13. Bc2 exd4 14. cxd4 Nb4 15.
Bb1 c5 16. d5 Nd7 17. Ra3 c4 18. Nd4 Nc5 19. axb5 axb5 20. Nxb5 Rxa3 21. Nxa3
Nbd3 22. Re3 Qf6 23. Rf3 Qd4 24. Naxc4 Ba6 25. b4 Bxc4 26. bxc5 Ne5 27. Rg3 Rb8
28. Qc2 dxc5 29. Nxc4 Nxc4 30. Ba2 Ne5 31. Rc3 Bd6 32. Be3 Qb4 33. Bxc5 Bxc5
34. Rxc5 Rb6 35. Rc3 Rg6 36. Kh2 Qd6 37. g3 Qa6 38. f4 1-0

[Event "Superettan(Skara-Farsta)"]
[Site "?"]
[Date "2023.10.15"]
[Round "3"]
[White "Lindeman, Sven"]
[Black "Danielsson, Fredrik"]
[Result "1-0"]
[WhiteElo "2147"]
[BlackElo "2146"]
[PlyCount "53"]
[SourceVersionDate "2023.11.04"]

1. e4 d5 2. exd5 Qxd5 3. Nc3 Qd6 4. d4 Nf6 5. Nf3 c6 6. Ne5 Nbd7 7. Nc4 Qc7 8.
g3 Nb6 9. Ne5 Be6 10. Bf4 Qd8 11. Bg2 g6 12. O-O Bg7 13. a4 a5 14. Qd2 O-O 15.
b3 Nbd5 16. Nxd5 Nxd5 17. Bh6 Bxh6 18. Qxh6 Nc3 19. Nf3 f6 20. Qe3 Bf5 21. Qxc3
Qd7 22. Rfe1 g5 23. Nd2 h5 24. Nc4 Rae8 25. Rad1 Bh3 26. Nb6 Qf5 27. Be4 1-0

[Event "Superettan(Lulea-Upsala)"]
[Site "?"]
[Date "2023.10.15"]
[Round "3"]
[White "Styf, Josef"]
[Black "Marcussen, Arno"]
[Result "0-1"]
[WhiteElo "2020"]
[BlackElo "2164"]
[PlyCount "94"]
[SourceVersionDate "2023.11.04"]

1. d4 d5 2. Nf3 Nf6 3. c4 c6 4. g3 dxc4 5. Qc2 b5 6. Bg2 Bb7 7. O-O e6 8. a4
Nbd7 9. Nbd2 a6 10. b3 cxb3 11. Nxb3 Qb6 12. a5 Qa7 13. Ne1 c5 14. dxc5 Bxg2
15. Nxg2 Bxc5 16. Nxc5 Qxc5 17. Qd2 Rb8 18. Ba3 b4 19. Rfc1 Qxf2+ 20. Kxf2 Ne4+
21. Ke1 Nxd2 22. Kxd2 bxa3 23. Rxa3 Ke7 24. Rc7 Rhc8 25. Ra7 Ra8 26. Rb7 Rab8
27. Ra7 Ra8 28. Rb7 Rcb8 29. Rc7 Kd8 30. Rc6 Rc8 31. Rac3 Rxc6 32. Rxc6 Ne5 33.
Rc5 f6 34. Nf4 Kd7 35. h3 Kd6 36. Rc1 Rb8 37. Nh5 Rb5 38. Nxg7 Rxa5 39. Nh5 Nd7
40. g4 Ra2+ 41. Ke3 a5 42. Ng3 Ra3+ 43. Kf2 Nc5 44. Rd1+ Ke5 45. e3 Rb3 46. Nf1
Ne4+ 47. Kf3 Rb2 0-1

[Event "Superettan(Skara-Farsta)"]
[Site "?"]
[Date "2023.10.15"]
[Round "3"]
[White "Eklund, Lars-Goran"]
[Black "Wieweg, Johnny"]
[Result "1-0"]
[WhiteElo "2168"]
[BlackElo "2083"]
[PlyCount "97"]
[SourceVersionDate "2023.11.04"]

1. Nf3 Nf6 2. c4 g6 3. Nc3 Bg7 4. e4 d6 5. d4 O-O 6. Be2 e5 7. dxe5 dxe5 8.
Qxd8 Rxd8 9. Bg5 Rf8 10. Nd5 Nxd5 11. cxd5 c6 12. Bc4 b5 13. Bb3 a5 14. a4 bxa4
15. Rxa4 Bd7 16. Ra2 cxd5 17. Bxd5 Nc6 18. Bd2 a4 19. O-O Ra7 20. Bc3 Rc8 21.
Rd1 h6 22. h3 Bf6 23. Raa1 g5 24. Rac1 h5 25. Bxc6 Rxc6 26. Bxe5 Rxc1 27. Rxc1
g4 28. hxg4 hxg4 29. Bxf6 gxf3 30. gxf3 a3 31. bxa3 Rxa3 32. Kg2 Kh7 33. Kg3
Kg6 34. Bc3 f5 35. Kf4 fxe4 36. fxe4 Kf7 37. Ke5 Rb3 38. f4 Bc6 39. Kd4 Ke7 40.
f5 Rb5 41. Rg1 Kf7 42. Rg5 Rb8 43. e5 Rd8+ 44. Kc5 Bd7 45. e6+ Bxe6 46. Rg7+
Kf8 47. fxe6 Rc8+ 48. Kb4 Rxc3 49. Rf7+ 1-0

[Event "Superettan(Lulea-Upsala)"]
[Site "?"]
[Date "2023.10.15"]
[Round "3"]
[White "Hovhannisyan, Hrayr"]
[Black "Nyberg, Per"]
[Result "1-0"]
[WhiteElo "2199"]
[BlackElo "1470"]
[PlyCount "83"]
[SourceVersionDate "2023.11.04"]

1. d4 g6 2. c4 Bg7 3. g3 c6 4. Bg2 d6 5. Nc3 Nd7 6. Nf3 Ngf6 7. O-O O-O 8. e4
e5 9. b3 Re8 10. Re1 exd4 11. Nxd4 Nf8 12. h3 N6d7 13. Be3 Ne6 14. Qd2 Nxd4 15.
Bxd4 Bxd4 16. Qxd4 Qf6 17. Rad1 Qxd4 18. Rxd4 Nf8 19. Rxd6 Be6 20. Red1 h5 21.
f4 Kg7 22. Kf2 Re7 23. Ne2 Rd7 24. Rxd7 Bxd7 25. Rd6 Be8 26. Nd4 a6 27. e5 Bd7
28. a4 Rb8 29. Ke3 c5 30. Ne2 Bf5 31. Rb6 Bc8 32. Nc3 Nd7 33. Rd6 Nf8 34. a5
Ne6 35. Na4 Nd4 36. Nxc5 Nf5+ 37. Kf2 Nxd6 38. exd6 Bf5 39. Nxb7 Bc8 40. c5 Kf8
41. c6 Bxb7 42. c7 1-0

[Event "Superettan(Skara-Farsta)"]
[Site "?"]
[Date "2023.10.15"]
[Round "3"]
[White "Lagerborg, Krister"]
[Black "Olsson, Simon"]
[Result "1/2-1/2"]
[WhiteElo "2111"]
[BlackElo "2054"]
[PlyCount "99"]
[SourceVersionDate "2023.11.04"]

1. e4 c6 2. d4 d5 3. e5 Bf5 4. Nf3 e6 5. Be2 Nd7 6. Be3 Be7 7. Nbd2 h5 8. Nf1
h4 9. Bd3 Bxd3 10. Qxd3 Nh6 11. c3 Nf5 12. Bd2 Qb6 13. b3 O-O-O 14. Ne3 Nxe3
15. Bxe3 Kb8 16. O-O Qc7 17. Rfe1 Rh5 18. g4 hxg3 19. hxg3 Rdh8 20. Kg2 Qd8 21.
Rh1 Rxh1 22. Rxh1 Rxh1 23. Kxh1 Qh8+ 24. Kg2 Qh5 25. Qb1 Kc8 26. Qh1 Qxh1+ 27.
Kxh1 Kd8 28. Kg2 c5 29. Ne1 cxd4 30. cxd4 Nb8 31. f4 Nc6 32. Nc2 Nb4 33. Nxb4
Bxb4 34. Kf3 Kd7 35. g4 g6 36. Ke2 Kc6 37. Kd3 Kb5 38. Bc1 Be1 39. a3 a5 40.
a4+ Kb4 41. Kc2 b5 42. axb5 Kxb5 43. Ba3 Bg3 44. Bc1 Bf2 45. Kd3 Be1 46. Ba3
Bb4 47. Bb2 Bf8 48. Bc3 Bb4 49. Bb2 Bf8 50. Bc3 1/2-1/2

[Event "Superettan(Lulea-Upsala)"]
[Site "?"]
[Date "2023.10.15"]
[Round "3"]
[White "Mitra, Ashoke"]
[Black "Liden, Tommy"]
[Result "0-1"]
[WhiteElo "1658"]
[BlackElo "2095"]
[PlyCount "114"]
[SourceVersionDate "2023.11.04"]

1. d4 d5 2. c4 e6 3. e3 c6 4. Nf3 f5 5. Bd3 Nf6 6. O-O Bd6 7. Nc3 O-O 8. Ne5
Nbd7 9. f4 Ne4 10. a3 Qf6 11. Rf3 Kh8 12. cxd5 cxd5 13. Bxe4 fxe4 14. Rg3 Bxe5
15. dxe5 Nxe5 16. Bd2 Nc4 17. Nxd5 Qf7 18. Bc3 Rg8 19. Nb4 b5 20. Nc6 Bb7 21.
Ne5 Nxe5 22. Bxe5 h6 23. Rc1 Rad8 24. Qb3 a6 25. Rc7 Rd7 26. Qc2 Bd5 27. h3 Kh7
28. Rxd7 Qxd7 29. Qc7 Qxc7 30. Bxc7 Rc8 31. Be5 Rc1+ 32. Kh2 g6 33. Bd4 Bc4 34.
h4 Be2 35. Bc3 Bh5 36. Bd4 Kg8 37. Bc3 Kf7 38. Bd4 Rb1 39. Bc3 Be2 40. Bd4 a5
41. Bc3 a4 42. Bd4 Bh5 43. Bc3 Rd1 44. Bd4 Rc1 45. Bc3 Rxc3 46. bxc3 Ke7 47.
Kg1 Kd6 48. Kf2 Kc5 49. Ke1 Kc4 50. Kd2 Kb3 51. Rh3 Kxa3 52. Kc2 Be2 53. Rh1
Bd3+ 54. Kd2 Kb2 55. h5 gxh5 56. Rxh5 a3 57. g4 a2 0-1

[Event "Superettan(Skara-Farsta)"]
[Site "?"]
[Date "2023.10.15"]
[Round "3"]
[White "Cederqvist, Niclas"]
[Black "Wisdahl, Peter"]
[Result "1-0"]
[WhiteElo "1940"]
[BlackElo "1930"]
[PlyCount "61"]
[SourceVersionDate "2023.11.04"]

1. d4 Nf6 2. Nf3 e6 3. c4 Bb4+ 4. Bd2 c5 5. e3 Qb6 6. dxc5 Bxc5 7. Qc2 Nc6 8.
a3 Be7 9. Nc3 O-O 10. Bd3 d6 11. O-O Bd7 12. Rac1 Rac8 13. b4 h6 14. e4 Ng4 15.
Na4 Qd8 16. Nb2 Nge5 17. Nxe5 Nxe5 18. Be2 Bf6 19. Be3 a5 20. Rfd1 axb4 21.
axb4 Qc7 22. Qd2 Be7 23. f4 Ng6 24. e5 dxe5 25. Qxd7 exf4 26. Qxc7 Rxc7 27. Bb6
Rc6 28. c5 e5 29. Bf3 Re6 30. Bxb7 Rb8 31. c6 1-0